000 00481 a2200157 4500
999 _c26610
_d26610
008 230621b ||||| |||| 00| 0 eng d
020 _a9781138341913
_cGBP34.99
041 0 _aeng
082 0 0 _a387.1068
_bY25
100 _aYap, Wei Yim
245 _aBusiness and Economics of Port Management : An Insider's Perspective /
_cWei Yim Yap
260 _aLondon:
_bRoutledge,
_c2021.
300 _axxxviii, 469 p. :
_bill. ;
_c25 cm
650 0 _aHarbors - Management
942 _2ddc
_cBK